Antonio Vanegas Arroyo, andanzas de un editor popular (1880-1901) /
Guardat en:
| Autors principals: | , |
|---|---|
| Format: | Electrònic eBook |
| Idioma: | espanyol |
| Publicat: |
Ciudad de México :
El Colegio de México,
2017.
|
| Edició: | Primera edición electrónica. |
| Col·lecció: | Colección La aventura de la vida cotidiana. Historia-investigación.
|
| Matèries: | |
| Accés en línia: | Digitalia Hispánica |
| Etiquetes: |
Afegir etiqueta
Sense etiquetes, Sigues el primer a etiquetar aquest registre!
|
MARC
| LEADER | 00000nam a2200000Ii 4500 | ||
|---|---|---|---|
| 001 | DIGCOLMX0080 | ||
| 003 | NyNyDIG | ||
| 007 | cr ||||||||||| | ||
| 008 | 211214s2017 mx a ob 000 0 spa d | ||
| 006 | m o d | ||
| 035 | |a (OCoLC)1319852424 | ||
| 040 | |a DGITA |b eng |e rda |e pn |c DGITA | ||
| 020 | |a 9786076283806 |q eBook | ||
| 020 | |z 9786076282090 | ||
| 043 | |a n-mx--- | ||
| 050 | 1 | 4 | |a Z232.V33 ebook |
| 082 | 1 | 4 | |a 686.2092 |
| 100 | 1 | |a Díaz Frene, Jaddiel, |d 1983- |e author. | |
| 245 | 1 | 0 | |a Antonio Vanegas Arroyo, andanzas de un editor popular (1880-1901) / |c Jaddiel Díaz Frene, Ángel Cedeño Vanegas. |
| 250 | |a Primera edición electrónica. | ||
| 264 | 1 | |a Ciudad de México : |b El Colegio de México, |c 2017. | |
| 300 | |a 1 online resource : |b illustrations. | ||
| 336 | |a text |b txt |2 rdacontent | ||
| 337 | |a computer |b c |2 rdamedia | ||
| 338 | |a online resource |b cr |2 rdacarrier | ||
| 347 | |a text file |2 rdaft | ||
| 347 | |b EPUB | ||
| 490 | 1 | |a Colección La aventura de la vida cotidiana. Historia-investigación | |
| 500 | |a "Centro de Estudios Históricos." | ||
| 504 | |a Includes bibliographical references. | ||
| 588 | 0 | |a Online resource; title from ePub title page (Digitalia, viewed December 14, 2021) | |
| 600 | 1 | 0 | |a Vanegas Arroyo, Antonio, |d 1852-1917. |
| 651 | 0 | |a Printers |z Mexico |v Biography. | |
| 655 | 0 | |a Electronic books. | |
| 700 | 1 | |a Cedeño Vanegas, Ángel, |d 1958- |e author. | |
| 791 | 2 | |a Digitalia (Firm), |e distributor. | |
| 793 | 0 | |g Digitalia eBook Collection: |a El Colegio de México | |
| 776 | 0 | 8 | |i Print version: |a Díaz Frene, Jaddiel, 1983- |t Antonio Vanegas Arroyo, andanzas de un editor popular (1880-1901). |b Primera edición. |d Ciudad de México : El Colegio de México, 2017 |z 9786076282090 |
| 830 | 0 | |a Colección La aventura de la vida cotidiana. |p Historia-investigación. | |
| 856 | 4 | 0 | |3 Digitalia Hispánica |u https://digitalia.unach.elogim.com/a/105439/ |
| 910 | |a Premium collection: 2022 | ||